Atlas fotográfico de anatomía del cuerpo humano / (Registro nro. 48973)
[ vista simple ]
| 000 -LEADER | |
|---|---|
| fixed length control field | 01163nam a22002537a 4500 |
| 003 - CONTROL NUMBER IDENTIFIER | |
| control field | CO-CtgCURN |
| 005 - DATE AND TIME OF LATEST TRANSACTION | |
| control field | 20250611184506.0 |
| 008 - FIXED-LENGTH DATA ELEMENTS--GENERAL INFORMATION | |
| fixed length control field | 250611b |||||||| |||| 00| 0 eng d |
| 020 ## - INTERNATIONAL STANDARD BOOK NUMBER | |
| International Standard Book Number | 9682516773 |
| 040 ## - CATALOGING SOURCE | |
| Original cataloging agency | CO-CtgCURN |
| Language of cataloging | spa |
| Transcribing agency | coctgcurn |
| 082 ## - DEWEY DECIMAL CLASSIFICATION NUMBER | |
| Classification number | R611 |
| Item number | Y54a |
| 100 ## - MAIN ENTRY--PERSONAL NAME | |
| Personal name | Yokochi, Chihiro |
| Relator term | Autor. |
| 245 ## - TITLE STATEMENT | |
| Title | Atlas fotográfico de anatomía del cuerpo humano / |
| Statement of responsibility, etc. | Chihiro Yokochi. |
| 250 ## - EDITION STATEMENT | |
| Edition statement | Tercera edición. |
| 260 ## - PUBLICATION, DISTRIBUTION, ETC. | |
| Place of publication, distribution, etc. | México : |
| Name of publisher, distributor, etc. | Interamericana, |
| Date of publication, distribution, etc. | 1991. |
| 300 ## - PHYSICAL DESCRIPTION | |
| Extent | 138 páginas. |
| Other physical details | ilustraciones, imagenes, cuadros |
| Dimensions | 30 cm. |
| 500 ## - GENERAL NOTE | |
| General note | Incluye Índice. |
| 505 ## - FORMATTED CONTENTS NOTE | |
| Formatted contents note | 1. Introducción a la anatomia, 2. El esqueleto humano, 3. Tórax, abdomen y dorso, 4. Cinturas y extremidades, 5. Organos del torax, 6. Órganos abdominales, 7. Aparato urogenital, 8. Cabeza y cuello, 9. Organos de los sentidos, 10. Órganos respiratorios y digestivos, 11. Glándulas endocrinas, 12. Anatomía en Cores transversales. |
| 650 ## - SUBJECT ADDED ENTRY--TOPICAL TERM | |
| Topical term or geographic name entry element | Anatomía humana. |
| 650 ## - SUBJECT ADDED ENTRY--TOPICAL TERM | |
| Topical term or geographic name entry element | Atlas |
| General subdivision | Fotografias. |
| 700 ## - ADDED ENTRY--PERSONAL NAME | |
| Personal name | Johannes W Rohen, , Eva Lurie |
| Relator term | Colaborador. |
| 700 ## - ADDED ENTRY--PERSONAL NAME | |
| Personal name | weinreb, Eva lurie. |
| 942 ## - ADDED ENTRY ELEMENTS (KOHA) | |
| Source of classification or shelving scheme | Dewey Decimal Classification |
| Koha item type | Libros |
| Classification part | R611 |
| Item part | Y54a |
| Suppress in OPAC | No |
| Withdrawn status | Lost status | Source of classification or shelving scheme | Damaged status | Not for loan | Collection | Home library | Current library | Shelving location | Date acquired | Inventory number | Total checkouts | Full call number | Barcode | Date last seen | Price effective from | Koha item type | Public note |
|---|---|---|---|---|---|---|---|---|---|---|---|---|---|---|---|---|---|
| Dewey Decimal Classification | Referencia | Miguel Henríquez Emiliani | Miguel Henríquez Emiliani | Referencia | 06/11/2025 | 000528 | R611 Y54a | 000528 | 06/11/2025 | 06/11/2025 | Libros | 610-CIENME |